000 00287nam a22001337a 4500
008 170727b xxu||||| |||| 00| 0 eng d
020 _a9780079136756
041 _aeng
080 _a004
100 _a31
101 _aSHK
245 _aEXCELLENT HTML
_cGOTTLEBER,T.T
942 _2udc
_cBK
999 _c22021
_d22021